Punjab Pre-Emption Act (IX of 1991) / (Record no. 616051)

000 -LEADER
fixed length control field 00328nam a22001217a 4500
082 ## - DEWEY DECIMAL CLASSIFICATION NUMBER
Classification number 347.5491
Author Mark BUT
100 ## - MAIN ENTRY--PERSONAL NAME
Personal name Butt, M. Rafique
245 ## - TITLE STATEMENT
Title Punjab Pre-Emption Act (IX of 1991) /
Statement of responsibility, etc. M. Rafique Butt
260 ## - PUBLICATION, DISTRIBUTION, ETC.
Place of publication, distribution, etc. Lahore :
Name of publisher, distributor, etc. Mansoor Book House,
Date of publication, distribution, etc. N.A.
300 ## - PHYSICAL DESCRIPTION
Extent 125 p. ;
Dimensions 24 cm.
563 ## - BINDING INFORMATION
Binding note HB.
942 ## - ADDED ENTRY ELEMENTS (KOHA)
Source of classification or shelving scheme
Koha item type Book
Holdings
Withdrawn status Lost status Source of classification or shelving scheme Damaged status Not for loan Permanent Location Current Location Date acquired Source of acquisition Full call number Barcode Date last seen Price effective from Koha item type
          NUST Law School (NLS) NUST Law School (NLS) 02/03/2026 Donated by Fahad Hashmi Account Officer S3H & NLS 347.5491 BUT NLSD-434 02/03/2026 02/03/2026 Book
© 2023 Central Library, National University of Sciences and Technology. All Rights Reserved.